Manuel de Falla

Gespeichert in:
Bibliographische Detailangaben
1. Verfasser: Demarquez, Suzanne (VerfasserIn)
Format: Buch
Sprache:Spanisch
Veröffentlicht: Barcelona Labor 1968
Schriftenreihe:Nueva Colección Labor, 83
Schlagworte:
Tags: Tag hinzufügen
Keine Tags, Fügen Sie den ersten Tag hinzu!

MARC

LEADER 00000nam a2200000 a 4500
001 UCN1285
003 CL-VaPUC
008 010420e19680000SP |||||||||||||||||spa|d
082 0 4 |a 780.92  |b DEM  |2 21 
100 0 |a Demarquez, Suzanne  |e author  |9 456820 
245 1 0 |a Manuel de Falla 
300 |a 271 p 
942 |c BK 
945 |d 20010420 00:00:00  |a crobeson 
260 |a Barcelona  |b Labor  |c 1968 
600 0 |a Falla, Manuel de  |9 266640 
650 7 |a COMPOSITORES ESPAÑOLES  |2 CL-VaPUC  |9 456821 
583 |a last modification  |c 20010420 00:00:00  |k Rodrigo Vera 
490 0 |a Nueva Colección Labor, 83 
999 |c 294860  |d 294858 
952 |0 0  |1 0  |4 0  |6 780_920000000000000_DEM_1968  |7 0  |8 A  |9 347602  |a BIBEDU  |b BIBEDU  |d 2019-11-20  |i 1180231  |o 780.92 DEM 1968  |p 1180231  |r 2023-01-12  |w 2019-11-20  |y BK  |k MUS 
952 |0 0  |1 0  |4 0  |6 780_920000000000000_DEM_1968  |7 0  |8 A  |9 347603  |a BIBEDU  |b BIBEDU  |d 2019-11-20  |i 118024K  |o 780.92 DEM 1968  |p 118024K  |r 2023-01-12  |w 2019-11-20  |y BK  |k MUS